Geography Quiz

Random Geography or Flags Quiz

Multiple Choice Flags of Africa Quiz Stats

 Plays Quiz Updated May 4, 2020

Support Sporcle.
Go Orange.
Score 0/54 Timer 07:00
1 Play Today
Question Answer Wrong Answers
South Africa South Africa
92.8%
South Sudan
1.8%
Mauritius Mauritius
92.4%
South Africa
2.2%
Kenya Kenya
92.1%
eSwatini
2.4%
Nigeria Nigeria
91.9%
Cabo Verde
2.8%
Ghana Ghana
91.8%
Seychelles
2.7%
Ethiopia Ethiopia
91.4%
South Africa
3.3%
Algeria Algeria
90%
Mauritania
4.6%
Tunisia Tunisia
89.6%
Egypt
5.2%
Seychelles Seychelles
89.5%
Togo
4.9%
Egypt Egypt
89%
Sudan
5.6%
Guinea Guinea
88.4%
Nigeria
6.2%
Eritrea Eritrea
88%
Liberia
6.6%
Zimbabwe Zimbabwe
87.9%
Comoros
6.7%
Eswatini Eswatini
86.9%
Kenya
7.5%
Cameroon Cameroon
86.2%
Ethiopia
8.5%
Côte d'Ivoire Côte d'Ivoire
85.3%
Rwanda
9.3%
Uganda Uganda
85.2%
Burkina Faso
9.3%
Angola Angola
84.9%
Cameroon
9.6%
Morocco Morocco
84.3%
Tunisia
10.4%
Liberia Liberia
83.9%
Zambia
10.8%
Burundi Burundi
83.9%
Libya
10.7%
Mali Mali
83.8%
Morocco
10.9%
Sudan Sudan
83.7%
Benin
10.9%
Mozambique Mozambique
83.5%
Angola
11.1%
Democratic Republic of the Congo Democratic Republic of the Congo
83.5%
Madagascar
10.9%
Republic of the Congo Republic of the Congo
83.4%
eSwatini
11.2%
Madagascar Madagascar
82.7%
Chad
11.8%
Malawi Malawi
82.7%
Mali
11.9%
Equatorial Guinea Equatorial Guinea
82.4%
Mauritania
12%
Togo Togo
82.1%
Lesotho
12.4%
Djibouti Djibouti
81.8%
Botswana
12.7%
Libya Libya
81.7%
Egypt
12.9%
Lesotho Lesotho
81.1%
Botswana
13.5%
Somalia Somalia
80.3%
Zimbabwe
14.3%
Gabon Gabon
79.6%
Namibia
14.8%
Botswana Botswana
78.5%
Republic of the Congo
16%
Tanzania Tanzania
78.3%
Mozambique
16.1%
Guinea-Bissau Guinea-Bissau
78.2%
Tanzania
16.3%
Zambia Zambia
78%
Namibia
16.6%
Comoros Comoros
77%
Mauritius
17.5%
Central African Republic Central African Republic
77%
Democratic Republic of the Congo
17.6%
Benin Benin
76.6%
Niger
17.9%
Cabo Verde Cabo Verde
75.8%
São Tomé and Príncipe
18.7%
Chad Chad
75.5%
Ghana
19.2%
Namibia Namibia
74.8%
Eritrea
19.7%
Mauritania Mauritania
74.3%
Burundi
20.3%
Rwanda Rwanda
74.2%
Tanzania
20.4%
Niger Niger
72.6%
Nigeria
22%
South Sudan South Sudan
72.2%
Libya
22.4%
The Gambia The Gambia
72.1%
Malawi
22.4%
São Tomé and Príncipe São Tomé and Príncipe
71.5%
Central African Republic
23%
Senegal Senegal
70.6%
Cameroon
24%
Sierra Leone Sierra Leone
67.2%
Djibouti
27.3%
Burkina Faso Burkina Faso
64.8%
Guinea-Bissau
29.7%

You're not logged in!

Compare scores with friends on all Sporcle quizzes.
OR
Log In

From the Vault

Movie by Two Actors

by BigAl1994

Sometimes, it takes more than one person to save the galaxy.
Remove Ads.
Support Sporcle.
Get the best of Sporcle when you Go Orange. This ad-free experience offers more features, more stats, and more fun while also helping to support Sporcle. Thank you for becoming a member.

Show Comments

Extras

Top Quizzes Today


Score Distribution

Your Account Isn't Verified!

In order to create a playlist on Sporcle, you need to verify the email address you used during registration. Go to your Sporcle Settings to finish the process.

Report this User

Report this user for behavior that violates our Community Guidelines.

Details: